La violencia y la paz : (Registro nro. 3410)

Detalles MARC
000 -LEADER
fixed length control field 01116nam a2200241Ia 4500
003 - CONTROL NUMBER IDENTIFIER
control field OSt
005 - DATE AND TIME OF LATEST TRANSACTION
control field 20200814231808.0
008 - FIXED-LENGTH DATA ELEMENTS--GENERAL INFORMATION
fixed length control field 191128s1982 ck gr 000 0dspa d
040 ## - CATALOGING SOURCE
Original cataloging agency CO-JMCR
Transcribing agency CO-JMCR
041 0# - LANGUAGE CODE
Language code of text/sound track or separate title spa
082 04 - DEWEY DECIMAL CLASSIFICATION NUMBER
Classification number 345.02 /
Item number U48v
Edition number 23
100 1# - MAIN ENTRY--PERSONAL NAME
Personal name Umaña Luna, Pedro Eduardo,
Relator term autor
9 (RLIN) 3323
245 13 - TITLE STATEMENT
Title La violencia y la paz :
Remainder of title los delitos políticos, las amnistías, y los presos políticos /
Statement of responsibility, etc. Pedro Eduardo Umaña Luna
250 ## - EDITION STATEMENT
Edition statement Primera edición
260 ## - PUBLICATION, DISTRIBUTION, ETC.
Place of publication, distribution, etc. Bogotá :
Name of publisher, distributor, etc. Tercer Mundo,
Date of publication, distribution, etc. 1982
300 ## - PHYSICAL DESCRIPTION
Extent 142 páginas ;
Dimensions 19 cm.
500 ## - GENERAL NOTE
General note Incluye datos biográficos del autor en contraportada.
505 0# - FORMATTED CONTENTS NOTE
Formatted contents note El panorama colombiano actual -- Los delitos políticos en el Código Penal -- Antecedentes históricos -- La experiencia nacional -- En el nuevo Código Penal -- Título -- Rebelión -- Sedición -- Asonada -- Otras novedades -- El terrorismo -- delitos contra
650 14 - SUBJECT ADDED ENTRY--TOPICAL TERM
Topical term or geographic name entry element Delitos políticos
General subdivision legislación
Geographic subdivision Colombia
9 (RLIN) 8832
650 14 - SUBJECT ADDED ENTRY--TOPICAL TERM
Topical term or geographic name entry element Presos políticos
General subdivision legislación
Geographic subdivision Colombia
9 (RLIN) 8833
650 14 - SUBJECT ADDED ENTRY--TOPICAL TERM
Topical term or geographic name entry element Amnistía
General subdivision legislación
Geographic subdivision Colombia
9 (RLIN) 8834
942 ## - ADDED ENTRY ELEMENTS (KOHA)
Source of classification or shelving scheme Dewey Decimal Classification
Koha item type Books
Existencias
Withdrawn status Lost status Source of classification or shelving scheme Damaged status Not for loan Home library Current library Date acquired Source of acquisition Full call number Barcode Date last seen Copy number Koha item type
    Dewey Decimal Classification     Biblioteca Pública José María del Castillo y Rada Biblioteca Pública José María del Castillo y Rada 07/18/2018 Donación 345.02 / U48v 201807259 05/16/2024 Ej.1 Books